Fabrication of monocrystalline silicon solar cell using phosphorous diffusion technique

El props̤ito de este estudio es investigar la fabricacin̤ de una celda solar monocristalina de silicio empleando la tčnica de difusin̤ de fs̤foro de forma local. Se usaron varios pasos de procesamiento para obtener el dispositivo. Se tom ̤una oblea cuadrada de silicio monocristalino tipo p de 150&l...

Fuld beskrivelse

Saved in:
Bibliografiske detaljer
Andre forfattere: Basher M. K., Shorowordi K. M., International Journal of Scientific and Research Publication (IJSRP)
Format: Bog
Sprog:engelsk
Fag:
Online adgang:Fabrication of monocrystalline silicon solar cell using phosphorous diffusion technique
Tags: Tilføj Tag
Ingen Tags, Vær først til at tagge denne postø!

MARC

LEADER 00000nam a22000004a 4500
001 vpro12689
005 20201223000000.0
008 180307s2018 ck # g## #001 0#eng#d
020
022 |a 2250-3153 
040 |a CO-BoINGC 
041 0 |a eng 
245 1 0 |a Fabrication of monocrystalline silicon solar cell using phosphorous diffusion technique 
246 |a Fabricacin̤ de celdas solares monocristalinas de silicio usando la tčnica de difusin̤ de fs̤foro 
264 |a Bogot ̀(Colombia) :  |b Revista VirtualPRO,  |c 2018 
520 3 |a El props̤ito de este estudio es investigar la fabricacin̤ de una celda solar monocristalina de silicio empleando la tčnica de difusin̤ de fs̤foro de forma local. Se usaron varios pasos de procesamiento para obtener el dispositivo. Se tom ̤una oblea cuadrada de silicio monocristalino tipo p de 150<U+00D7>150 mm2 de lado y 200&#956;m de grosor. Se efectu ̤la limpieza y texturizacin̤ de la oblea mediante distintas soluciones qum̕icas. 
650 \ \ |a Generacin̤ de energa̕ fotovoltìca 
650 \ \ |a Energa̕ solar 
650 \ \ |a Energa̕ 
650 \ \ |a Photovoltaic power generation 
650 \ \ |a Solar energy 
650 \ \ |a Energy 
650 \ \ |a Energa̕s renovables 
650 \ \ |a Celdas fotovoltaicas 
650 \ \ |a Celdas solares 
650 \ \ |a Sistemas fotovoltaicos 
650 \ \ |a Tecnologa̕s de celdas fotovoltaicas 
650 \ \ |a Fabricacin̤ de celdas fotovoltaicas 
650 \ \ |a Celda solar monocristalina de silicio 
650 \ \ |a Tčnica de difusin̤ de fs̤foro 
650 \ \ |a Renewable energies 
650 \ \ |a Photovoltaic cells 
650 \ \ |a Solar cells 
650 \ \ |a Photovoltaic systems 
650 \ \ |a Photovoltaic cell technologies 
650 \ \ |a Manufacture of photovoltaic cells 
650 \ \ |a Monocrystalline silicon solar cell 
650 \ \ |a Phosphorus diffusion technique  
700 \ \ |a Basher M. K. 
700 \ \ |a Shorowordi K. M.  
700 \ \ |a International Journal of Scientific and Research Publication (IJSRP) 
856 |z Fabrication of monocrystalline silicon solar cell using phosphorous diffusion technique  |u https://virtualpro.unach.elogim.com/biblioteca/fabricacion-de-celdas-solares-monocristalinas-de-silicio-usando-la-tecnica-de-difusion-de-fosforo